| 000 | 00485nam a22001577a 4500 | ||
|---|---|---|---|
| 008 | 140610b xxu||||| |||| 00| 0 eng d | ||
| 020 | _a0869202723 | ||
| 050 | _aSPC SK251.L981 | ||
| 100 |
_aLyell, Denis D _910785 |
||
| 245 |
_aThe african elephant and its hunters _cDenis D. Lyell |
||
| 260 |
_aBulawayo _bBooks of Zimbabwe Publishing _c1994 |
||
| 300 |
_aix, 221p. ; _c23cm. |
||
| 440 |
_aAfrican Hunting Reprint _910786 |
||
| 650 |
_aElephants _xHunting _910787 |
||
| 942 |
_2lcc _cSPC |
||
| 999 |
_c120686 _d120686 |
||